Normal view
MARC view
- صعوبات التعلم- المهارات الاكاديمية -البيدغوجيا الفارقية
Entry Topical Term
001 - CONTROL NUMBER
- control field: 63331
003 - CONTROL NUMBER IDENTIFIER
- control field: JO-AjAnu
005 - DATE AND TIME OF LATEST TRANSACTION
- control field: 20230606084334.0
008 - FIXED-LENGTH DATA ELEMENTS
- fixed length control field: 230606|| aca||aabn | a|a d
040 ## - CATALOGING SOURCE
- Original cataloging agency: JO-AjAnu
- Transcribing agency: JO-AjAnu
150 ## - HEADING--TOPICAL TERM
- Topical term or geographic name entry element: صعوبات التعلم- المهارات الاكاديمية -البيدغوجيا الفارقية
670 ## - SOURCE DATA FOUND
- Source citation: Work cat.: (JO-AjAnu)32288: اعداد بني حمد، مروه اشرف؛ اشراف خالد احمد عبيدات, author 63330, فاعلية برنامج تدريبي قائم على استخدام البيداغوجيا الفارقية في تنمية المهارات الاكاديمية للطلبة ذوي صعوبات التعلم = The Effectiveness of a Training Program Based on the Use of Differential Pedagogy in Developing the Academic Skills of Students with Learning Disabilies